000 00284nam a2200121Ia 4500
008 191201s2009 xx 000 0 und d
100 _aMOHAN PARKASH
245 0 _aEntrepreneurial Development
260 _aN. Delhi
_bVikas pub
_c2009
300 _a306
650 _aMBA
942 _2ddc
_cBK
999 _c395
_d395